Sports Quiz

Random Sports or NBA Quiz

NBA All-Stars by Current Team Quiz Stats

 Plays Quiz Updated Jul 13, 2018

Challenge
Share
Tweet
Embed
Score 0/58 Timer 08:00
69 Plays Today
Current Team Player % Correct
Los Angeles LakersLeBron James
96.8%
Miami HeatDwyane Wade
93.5%
Boston CelticsKyrie Irving
92.2%
Golden State WarriorsKlay Thompson
91.3%
Golden State WarriorsKevin Durant
90%
Oklahoma City ThunderCarmelo Anthony
89.9%
Charlotte HornetsKemba Walker
89.6%
Houston RocketsJames Harden
89.2%
Houston RocketsChris Paul
89.1%
Golden State WarriorsDraymond Green
88.5%
Cleveland CavaliersKevin Love
88%
Dallas MavericksDirk Nowitzki
87.6%
Oklahoma City ThunderPaul George
86.4%
Memphis GrizzliesMarc Gasol
86.3%
Washington WizardsDwight Howard
85.8%
San Antonio SpursTony Parker
85.8%
New Orleans PelicansAnthony Davis
85.5%
San Antonio SpursPau Gasol
85.1%
Golden State WarriorsDavid West
84.7%
Oklahoma City ThunderRussell Westbrook
82.5%
Denver NuggetsIsaiah Thomas
81.9%
Minnesota TimberwolvesJimmy Butler
81.6%
Minnesota TimberwolvesKarl-Anthony Towns
81.4%
Toronto RaptorsKyle Lowry
80.5%
Detroit PistonsBlake Griffin
80.3%
Boston CelticsGordon Hayward
80%
Toronto RaptorsDeMar DeRozan
79.6%
Golden State WarriorsStephen Curry
79.1%
Golden State WarriorsDeMarcus Cousins
79.1%
Current Team Player % Correct
Dallas MavericksDeAndre Jordan
79%
Washington WizardsBradley Beal
79%
Indiana PacersVictor Oladipo
78.3%
San Antonio SpursKawhi Leonard
78.3%
Philadelphia 76ersJoel Embiid
77.9%
Detroit PistonsAndre Drummond
77.8%
Denver NuggetsPaul Millsap
77.5%
Washington WizardsJohn Wall
76.4%
Los Angeles LakersRajon Rondo
73.2%
Portland Trail BlazersDamian Lillard
72.1%
Minnesota TimberwolvesDerrick Rose
71.9%
New York KnicksKristaps Porzingis
70.5%
Milwaukee BucksBrook Lopez
69.2%
San Antonio SpursManu GinĂ³bili
68.9%
Boston CelticsAl Horford
68.3%
San Antonio SpursLaMarcus Aldridge
66.6%
Houston RocketsJoe Johnson
63.4%
Milwaukee BucksGiannis Antetokounmpo
63.1%
Miami HeatGoran Dragic
61.2%
Sacramento KingsVince Carter
58.6%
Cleveland CavaliersKyle Korver
57.9%
Golden State WarriorsAndre Iguodala
56.7%
Minnesota TimberwolvesJeff Teague
55.2%
Sacramento KingsZach Randolph
53.7%
New Orleans PelicansJrue Holiday
53.3%
New York KnicksJoakim Noah
50.9%
Phoenix SunsTyson Chandler
48.6%
Los Angeles LakersLuol Deng
40%
Denver NuggetsDevin Harris
32.8%

You're not logged in!

Compare scores with friends on all Sporcle quizzes.
Join for Free
OR
Log In

You Might Also Like...

Show Comments

Extras

Top Quizzes Today


Score Distribution

Your Account Isn't Verified!

In order to create a playlist on Sporcle, you need to verify the email address you used during registration. Go to your Sporcle Settings to finish the process.

Report this User

Report this user for behavior that violates our Community Guidelines.

Details: